000 01897cam a22004814i 4500
003 PE-LiUPU
005 20250731172915.0
008 150617s1962 sp rb 000 0 spa d
035 _a(Sirsi) a17017
040 _aPE-LiUPU
_bspa
_cPE-LiUPU
_erda
049 _aPRUA
082 0 4 _a296.81
_bS97
_221
100 1 _aSutcliffe, Edmund F,
_eautor.
245 1 4 _aLos monjes de Qumran :
_bSegún los manuscritos del Mar Muerto /
_ccon traducciones del original por Edmund F. Sutcliffe, S. J. ; versión por el Dr. Juan A. G. Larraya.
264 1 _aBarcelona :
_bEdiciones Garriga,
_c1962.
300 _a303 páginas, mapa ;
_c22 centímetros
336 _atext
_2rdacontent
337 _aunmediated
_2rdamedia
338 _avolume
_2rdacarrier
504 _aNotas bibliográficas.
505 0 _aEl descubrimiento y la biblioteca -- El lugar del monasterio de Qumran -- Los edificios del monasterio -- Vida económica del Qumran -- Epoca de la comunidad -- El maestro de justicia -- Doctrinas principales -- Régimen de vida y costumbres -- Qumran y cristianismo.
526 _aSEG42
526 _aSEG41
526 _aSEG40
526 _aSEG39
526 _aP94
526 _aP87
526 _aP86
526 _aP85
526 _aP77
526 _aP76
526 _aP35
630 _aBiblia
_xManuscritos hebreos.
650 0 4 _aQumran (Monasterio).
700 1 _aLarraya, Juan A. G.
910 _ajck
_bjvq
_cjck
_d20150616
942 _2ddc
_cBOOK
949 _a296.81 S97
_wDEWEY
_c1
_i12862
_lCCODEBUL1
_mBUL
_p40.00
_r0
_sY
_tBOOK
_u19750425
_xTEOLOGIA
_PP35
_0COMPRA
_o.STAFF. Colección Teología
994 _aC0
_bPEPRU
596 _a1
999 _a296.81 S97
_wDEWEY
_c16550
_i12862
_d16550
_e2018-11-5
_f2021-11-12
_g5
_lCCODEBUL1
_mBUL
_n5
_p40.00
_q6
_r0
_sY
_tBOOK
_u2015-6-17
_xTEOLOGIA
_PP35
_0COMPRA
_o.STAFF. Colección Teología
980 _81
_gALBERTO SANCHEZ Responsable de Automatización